000 00343nam a2200121Ia 4500
008 230524s9999 xx 000 0 und d
100 _a"Alberto Leon-Garcia, Indra Widjaja"
245 0 _aCommunication Networks: Fundamental Concepts and key Architectures
260 _bTMH
500 _aQuantity Number: 5
650 _aComp-Sc
942 _cBK
999 _c50120
_d50120